Evaluación del suministro de energía eléctrica en baja tensión del Recinto Universitario Simón Bolívar
El estudio consiste en la evaluación del suministro de energía eléctrica ha demostrado su eficacia a escala mundial para diagnosticar y mejorar el rendimiento eléctrico de las instalaciones industriales. La importancia del estudio se fundamenta en poder analizar el funcionamiento del sistema ele...
| Main Authors: | , |
|---|---|
| Other Authors: | |
| Format: | Tesis Section = Libro |
| Language: | Undetermined Spanish |
| Published: |
Managua
UNI
2022
|
| Subjects: |
| LEADER | 01265nam a2200277Ia 4500 | ||
|---|---|---|---|
| 008 | 240830s9999 xx 000 0 und d | ||
| 040 | |a BIBLIOTECA-RUSB/ Mon 621.31 B685 | ||
| 041 | |a spa | ||
| 082 | |a Mon 621.31 B685 | ||
| 100 | 1 | |a Bojorge Castillo, Luis Ramiro | |
| 100 | 1 | |b Castañeda Molina, Enyel Ismael | |
| 245 | 1 | 0 | |a Evaluación del suministro de energía eléctrica en baja tensión del Recinto Universitario Simón Bolívar |
| 260 | |a Managua |b UNI |c 2022 | ||
| 300 | |a 79 p. :il. | ||
| 500 | |a Contiene: anexos y CD. | ||
| 502 | |a Tesis (Ingeniero Eléctrico) - UNI, 2022. | ||
| 520 | 3 | |a El estudio consiste en la evaluación del suministro de energía eléctrica ha demostrado su eficacia a escala mundial para diagnosticar y mejorar el rendimiento eléctrico de las instalaciones industriales. La importancia del estudio se fundamenta en poder analizar el funcionamiento del sistema eléctrico actual del Recinto Universitario Simón Bolívar. | |
| 650 | 7 | |a ENERGIA ELECTRICA | |
| 650 | 7 | |b SUMINISTRO DE ENERGIA ELECTRICA | |
| 650 | 7 | |c MEDICIONES ELECTRICAS | |
| 650 | 7 | |d SISTEMA ELECTRICO | |
| 650 | 7 | |e INSTALACIONES ELECTRICAS. | |
| 700 | 1 | |a Tutor: |b Gutiérrez G., Marlon A. | |
| 942 | |c BK |2 ddc | ||
| 991 | |a TESIS | ||
| 999 | |c 27242 | ||